000 01012cab a22001935a 4500
001 L153039
008 110525e20110514xxk 000 0 eng d
035 _a(Sirsi) u153039
041 0 _aeng
100 1 _aTaylor, Peter
245 0 0 _aUnder pressure
260 _c2011
490 _aEstates Gazette
_v(1119) 14 May 2011, 88-90(3)
520 _aProgress on the governments decision to abolish regional spatial strategies (RSS). Their eventual disappearance may create a planning vacuum and discusses whether the governments idea of urging local authorities and organisation to co-operate and have regard to a new statutory 'duty to co-operate' will help the situation here. Note that many commentators have expressed serious reservations regarding the effectiveness of this propopsed duty in providing a viable means of securing robust strategic planning.
590 _aKA
651 4 _aEngland
_y886-
690 _aENVIRONMENTAL AND LAND CONSULTANCY-PLANNING AND DEVELOPMENT-PLANNING GUIDANCE
942 _n0
999 _c83167
_d83167